Role-A-Rama: 70s TV Quiz Stats

 Plays Quiz Updated Jan 28, 2015

Challenge
Share
Tweet
Embed
Score 0/102 Timer 15:00
0 Plays Today
Show Character % Correct
M*A*S*HJohn McIntyre
90.8%
M*A*S*HBenjamin Franklin Pierce
89.4%
Happy DaysArthur 'Fonzie' Fonzarelli
88.6%
The WaltonsJohn Walton Sr.
87.2%
Mary Tyler MooreMary Richards
86.2%
Little House on the PrairieMary Ingalls
86%
Eight Is EnoughMary Bradford
86%
M*A*S*HMargaret Houlihan
85.2%
M*A*S*HWalter O'Reilly
84.3%
DallasJ. R. Ewing
82.6%
Happy DaysRichie Cunningham
80%
Eight Is EnoughJoannie Bradford
71.3%
The WaltonsJohn-Boy Walton
71.2%
Happy DaysJoanie Cunningham
70.1%
Little House on the PrairieLaura Ingalls Wilder
69%
M*A*S*HMaxwell Klinger
68.2%
M*A*S*HCharles Winchester
67.3%
M*A*S*HFranklin Burns
66.3%
TaxiBobby Wheeler
65%
DallasBobby Ewing
64.8%
Happy DaysAl Delvecchio
64.8%
Mary Tyler MooreLou Grant
64.3%
Happy DaysWarren 'Potsie' Weber
63.6%
Happy DaysRalph Malph
62.8%
M*A*S*HB. J. Hunnicut
62.6%
M*A*S*HSherman Potter
62.4%
Eight Is EnoughSandra Sue 'Abby' Abbott Bradford
61.6%
Happy DaysChachi Arcola
61.2%
Little House on the PrairieCharles Ingalls
55.6%
Happy DaysMarion Cunningham
54.4%
Mary Tyler MooreRhoda Morgenstern
53.6%
Mary Tyler MooreTed Baxter
52%
DallasSue Ellen Ewing
51.9%
WKRP in CincinnatiJennifer Elizabeth Marlowe
51.7%
Show Character % Correct
Happy DaysHoward Cunningham
51.7%
M*A*S*HHenry Blake
49.8%
WKRP in CincinnatiVenus Flytrap
44.7%
TaxiTony Banta
44.4%
WKRP in CincinnatiJohnny 'Dr. Fever' Caravella
43.8%
TaxiReverend Jim Ignatowski
42.9%
TaxiLouie De Palma
41.6%
TaxiLatka Gravas
41.3%
Eight Is EnoughTom Bradford
40.8%
Eight Is EnoughTommy Bradford
39.1%
DallasPamela Barnes Ewing
38.7%
The WaltonsElizabeth Walton
38.2%
Eight Is EnoughElizabeth Bradford
38.2%
M*A*S*HFrancis Mulcahy
38.2%
WKRP in CincinnatiLes Nessman
37.5%
The WaltonsMary Ellen Walton
36%
Happy DaysMatsuo 'Arnold' Takahashi
35.5%
DallasMiss Ellie Ewing
35.4%
TaxiAlex Reiger
33.1%
Mary Tyler MooreMurray Slaughter
32%
Little House on the PrairieNellie Oleson
31.1%
WKRP in CincinnatiAndy Travis
30.6%
WKRP in CincinnatiArthur Carlson
30.5%
Mary Tyler MoorePhyllis Lindstrom
28.4%
Eight Is EnoughDavid Bradford
28.3%
The WaltonsJim-Bob Walton
28.1%
The WaltonsBen Walton
28%
Little House on the PrairieCaroline Ingalls
28%
The WaltonsErin Walton
26.8%
TaxiElaine O'connor-Nardo
26.2%
Little House on the PrairieCarrie Ingalls
25.8%
Mary Tyler MooreSue Ann Nivens
25.5%
Eight Is EnoughSusan Bradford
25%
The WaltonsOlivia Walton
25%
Show Character % Correct
WKRP in CincinnatiHerb Tarlek
23.9%
WKRP in CincinnatiBailey Quarters
23.1%
The WaltonsJason Walton
22.7%
The WaltonsZeb Walton
22.5%
Eight Is EnoughNicholas Bradford
22.4%
DallasCliff Barnes
22%
The WaltonsEsther Walton
20.6%
DallasLucy Ewing Cooper
20.5%
Little House on the PrairieWillie Oleson
19.6%
Little House on the PrairieReverend Robert Alden
19.2%
Mary Tyler MooreGeorgette Franklin
17.8%
Little House on the PrairieAlbert Quinn Ingalls
17.8%
M*A*S*HKellye Yamato
17.4%
Little House on the PrairieNels Oleson
15.7%
Little House on the PrairieHarriet Oleson
15.5%
DallasRay Krebbs
15.3%
Eight Is EnoughNancy Bradford
14.5%
The WaltonsIke Godsey
13.8%
Happy DaysJenny Piccalo
13.8%
TaxiJeff Bennett
12.3%
Little House on the PrairieAlmanzo Wilder
12.2%
M*A*S*HIgor Staminsky
11.5%
DallasDonna Culver Krebbs
10%
The WaltonsCorabeth Walton Godsey
9.5%
Little House on the PrairieDr. Hiram Baker
9.3%
Happy DaysRoger Phillips
8.7%
Happy DaysLori Beth
7.9%
Eight Is EnoughJanet McArthur Bradford
6.6%
DallasClayton Farlow
6.1%
DallasJenna Wade
6%
DallasJackie Dugan
4.8%
Eight Is EnoughMerle 'The Pearl' Stockwell
4.5%
Eight Is EnoughJeremy Andretti
3.8%
DallasSly Lovegren
3.2%

You're not logged in!

Compare scores with friends on all Sporcle quizzes.
Join for Free
OR
Log In

You Might Also Like...

Show Comments

Extras

Top Quizzes Today


Score Distribution

Your Account Isn't Verified!

In order to create a playlist on Sporcle, you need to verify the email address you used during registration. Go to your Sporcle Settings to finish the process.

Report this User

Report this user for behavior that violates our Community Guidelines.

Details: